Les départements français aux noms les plus longs. - Statistiques

Statistiques générales
  • Ce quiz a été pris 64 fois
  • Le résultat moyen est 19 sur 23
Statistiques - réponses
HINT HINT ANSWER % Correct
19 Occitanie Pyrénées-Orientales
95%
20 Nouvelle-Aquitaine Pyrénées-Atlantiques
94%
17 Ile-de-France Seine-Saint-Denis
94%
16 Provence-Alpes-Côte d'Azur Bouches-du-Rhône
90%
14 Ile-de-France Seine-et-Marne
90%
13 Bretagne Côtes-d'Armor
89%
15 Bretagne Ille-et-Vilaine
89%
23 Provence-Alpes-Côte d'Azur Alpes-de-Haute-Provence
87%
15 Provence-Alpes-Côte d'Azur Alpes-Maritimes
85%
17 Nouvelle-Aquitaine Charente-Maritime
85%
16 Pays de la Loire Loire-Atlantique
85%
18 Grand Est Meurthe-et-Moselle
84%
14 Normandie Seine-Maritime
84%
15 Occitanie Hautes-Pyrénées
82%
14 Bourgogne-Franche-Comté Saône-et-Loire
82%
15 Occitanie Tarn-et-Garonne
82%
13 Hauts-de-France Pas-de-Calais
81%
14 Ile-de-France Hauts-de-Seine
79%
14 Nouvelle-Aquitaine Lot-et-Garonne
77%
21 Bourgogne-Franche-Comté Territoire de Belfort
77%
14 Centre-Val de Loire Indre-et-Loire
73%
14 Pays de la Loire Maine-et-Loire
69%
13 Occitanie Haute-Garonne
65%
Aucun quiz correspondant
Distribution des résultats
% des personnes avec chaque résultat
Percentile par nombre de réponses
Votre historique - résultats
Vous n’avez pas pris ce quiz